[Event "28th Czech Open A 2017"]
[Site "Pardubice CZE"]
[Date "2017.07.21"]
[Round "1.69"]
[White "Kraus, Tomas"]
[Black "Volodin, Viktor"]
[Result "1-0"]
[WhiteTitle "IM"]
[BlackTitle "IM"]
[WhiteElo "2422"]
[BlackElo "2187"]
[WhiteFideId "331708"]
[BlackFideId "4108701"]
[EventDate "2017.07.21"]

1. e4 d5 2. exd5 Qxd5 3. Nc3 Qd6 4. d4 Nf6 5. Nf3 c6 6. Ne5 Nbd7 7. Nc4 Qc7 8.
Qf3 Nb6 9. Bf4 Qd8 10. Be5 Be6 11. Ne3 Nbd5 12. Nexd5 Bxd5 13. Qg3 Ne4 14. Nxe4
Bxe4 15. O-O-O Qa5 16. Kb1 e6 17. Bd3 Bg6 18. Qh3 Bxd3 19. Rxd3 O-O-O 20. c4 Rd7
21. Rhd1 Be7 22. Bxg7 Rhd8 23. Be5 h5 24. Qf3 f6 25. Bg3 Qg5 26. h3 h4 27. Bh2
Bd6 28. Bxd6 Rxd6 29. g4 Qg6 30. Kc1 e5 31. Qe3 Qg5 32. Kc2 Qg6 33. dxe5 fxe5
34. Kc3 b6 35. Rxd6 Rxd6 36. Rxd6 Qxd6 37. g5 c5 38. a3 a5 39. Kb3 Kd7 40. Ka2
Qd4 41. Qb3 Qd6 42. Qf3 Ke7 43. Qd5 a4 44. g6 Qxg6 45. Qxe5+ Kd7 46. Qd5+ Kc7
47. Qe5+ Kd7 48. Qe2 Qf5 49. Qd1+ Kc7 50. Qxa4 Qxh3 51. Qa7+ Kc6 52. Qa8+ Kc7
53. Qd5 Qg4 54. Qe5+ Kc6 55. f4 h3 56. Qd5+ Kc7 57. f5 Qf4 58. Qf7+ Kc6 59. Qg6+
Qd6 60. f6 Qe6 61. Qd3 b5 62. Qf3+ Kc7 63. f7 bxc4 64. f8=Q c3+ 65. b3 1-0

[Event "28th Czech Open A 2017"]
[Site "Pardubice CZE"]
[Date "2017.07.21"]
[Round "1.70"]
[White "Sazonova, Anastasia"]
[Black "Lerch, Patrice"]
[Result "1-0"]
[WhiteTitle "WFM"]
[BlackTitle "IM"]
[WhiteElo "2186"]
[BlackElo "2415"]
[WhiteFideId "24131008"]
[BlackFideId "605867"]
[EventDate "2017.07.21"]

1. d4 Nf6 2. c4 e6 3. Nf3 b6 4. g3 Ba6 5. Qa4 c6 6. Nc3 b5 7. cxb5 cxb5 8. Nxb5
Qb6 9. Nc3 Bb4 10. Bd2 O-O 11. Bg2 Nc6 12. a3 Bxc3 13. Bxc3 Rab8 14. Ne5 Rfc8
15. Bf3 d5 16. Nxc6 Rxc6 17. O-O Bb5 18. Qd1 Ne4 19. Bxe4 dxe4 20. Qd2 e5 21. d5
Rh6 22. Bxe5 Rd8 23. Bf4 Rh5 24. d6 g5 25. Bxg5 Rxd6 26. Qf4 Bxe2 27. Rfc1 Qd4
28. Be7 Rdd5 29. Bf6 1-0

[Event "28th Czech Open A 2017"]
[Site "Pardubice CZE"]
[Date "2017.07.21"]
[Round "1.71"]
[White "Kozak, Adam"]
[Black "Dvorak, Adam"]
[Result "1-0"]
[WhiteTitle "IM"]
[WhiteElo "2414"]
[BlackElo "2185"]
[WhiteFideId "753246"]
[BlackFideId "346497"]
[EventDate "2017.07.21"]

1. Nf3 Nf6 2. c4 e6 3. Nc3 d5 4. d4 Nbd7 5. cxd5 exd5 6. Bg5 Be7 7. e3 c6 8. Qc2
O-O 9. Bd3 Re8 10. O-O h6 11. Bf4 Nf8 12. Rab1 Be6 13. h3 Rc8 14. Na4 Ne4 15.
Rfc1 f5 16. b4 g5 17. Be5 b5 18. Nc5 Bf7 19. Bh2 Bh5 20. Ne5 Bf6 21. a4 Bxe5 22.
dxe5 bxa4 23. Qxa4 Qb6 24. Qa2 Bf7 25. f3 Nxc5 26. bxc5 Qd8 27. Bxf5 Be6 28. Bd3
a5 29. f4 Qd7 30. Qc2 Bxh3 31. gxh3 Qxh3 32. Re1 g4 33. Qg2 Qh4 34. Qg3 Qh5 35.
Be2 Rc7 36. Bxg4 Qg6 37. Bf5 Qxg3+ 38. Bxg3 Ne6 39. Bxe6+ Rxe6 40. Rb8+ 1-0

[Event "28th Czech Open A 2017"]
[Site "Pardubice CZE"]
[Date "2017.07.21"]
[Round "1.72"]
[White "Richterova, Natasa"]
[Black "Vokac, Marek"]
[Result "0-1"]
[WhiteTitle "WIM"]
[BlackTitle "GM"]
[WhiteElo "2184"]
[BlackElo "2412"]
[WhiteFideId "350591"]
[BlackFideId "300101"]
[EventDate "2017.07.21"]

1. e4 g6 2. d4 Bg7 3. Nc3 c6 4. g3 d5 5. e5 f6 6. exf6 exf6 7. Bg2 Nh6 8. Nge2
O-O 9. O-O Na6 10. b3 Bf5 11. Bb2 Re8 12. Re1 Qd7 13. Na4 Nb4 14. Nc5 Qf7 15.
Nd3 Nxd3 16. cxd3 g5 17. Rc1 Qg6 18. Rc3 Bf8 19. a3 Bd6 20. b4 a6 21. Nc1 Rxe1+
22. Qxe1 Re8 23. Qf1 Re7 24. Rc2 Qe8 25. Bc3 Bg6 26. Qd1 f5 27. Re2 f4 28. Rxe7
Qxe7 29. g4 Nf7 30. Bf3 Nd8 31. h3 a5 32. Qd2 Ne6 33. Nb3 axb4 34. axb4 Nc7 35.
Nc5 Nb5 36. Kg2 Kf7 37. Qc2 Ke8 38. Bb2 b6 39. Na4 Qb7 40. Qe2+ Kd7 41. h4 Qa6
42. Nc5+ bxc5 43. dxc5 Be7 44. h5 Bf7 45. Qe5 Qa8 46. Qf5+ Be6 47. Qxh7 Qg8 48.
Qh6 d4 49. Bc1 Nc3 50. Bxf4 gxf4 51. Qxf4 Qg7 52. h6 Qf6 53. Qb8 Bd5 54. Bxd5
Nxd5 55. h7 Bf8 56. Qb7+ Nc7 57. b5 cxb5 58. c6+ Kd6 59. Qc8 Kxc6 60. f4 Bg7 61.
Kg3 Qe7 62. g5 Qe3+ 63. Kg4 Qe2+ 64. Kh4 Qh2+ 65. Kg4 Qxh7 66. f5 Be5 67. Qf8
Qh2 68. f6 Qf4+ 69. Kh5 Qxg5+ 0-1

[Event "28th Czech Open A 2017"]
[Site "Pardubice CZE"]
[Date "2017.07.21"]
[Round "1.73"]
[White "Frolov, Artur"]
[Black "Nguyen, Huy Dat"]
[Result "1-0"]
[WhiteTitle "IM"]
[WhiteElo "2410"]
[BlackElo "2180"]
[WhiteFideId "14100134"]
[BlackFideId "12923486"]
[EventDate "2017.07.21"]

1. e4 c5 2. Nf3 Nc6 3. d4 cxd4 4. Nxd4 g6 5. c4 Bg7 6. Be3 Nf6 7. Nc3 O-O 8. Be2
d6 9. Qd2 Bd7 10. f3 Nxd4 11. Bxd4 a5 12. b3 Bc6 13. Rd1 Nd7 14. h4 h5 15. Bxg7
Kxg7 16. Qd4+ Kg8 17. f4 Qb6 18. Nd5 Bxd5 19. Qxb6 Nxb6 20. exd5 f5 21. Rh3 Rfc8
22. Re3 Kf7 23. Rb1 Ra7 24. Kd2 a4 25. Rb2 axb3 26. axb3 Nd7 27. Kd3 Nc5+ 28.
Kd4 Ra1 29. Bf3 Rc7 30. g3 Rg1 31. b4 Na6 32. Be2 Ra1 33. Reb3 Ra4 34. Bd3 Kf6
35. Bb1 Kf7 36. Kc3 Nb8 37. Ra2 Rxa2 38. Bxa2 Nd7 39. Ra3 Nf6 40. Kd4 b6 41. Bb1
e6 42. dxe6+ Kxe6 43. Ra6 Nd7 44. Bc2 Ke7 45. Ba4 Nf6 46. Rxb6 Ne4 47. Bc6 Nxg3
48. Bf3 Nf1 49. c5 dxc5+ 50. bxc5 Nd2 51. Bd5 Rd7 52. c6 Rd8 53. Ke5 Rc8 54.
Rb7+ Kf8 55. Rf7+ Ke8 56. Rg7 Nc4+ 57. Kf6 Kf8 1-0

[Event "28th Czech Open A 2017"]
[Site "Pardubice CZE"]
[Date "2017.07.21"]
[Round "1.74"]
[White "Podvin, Francois-xavier"]
[Black "Bruedigam, Martin"]
[Result "0-1"]
[BlackTitle "FM"]
[WhiteElo "2180"]
[BlackElo "2410"]
[WhiteFideId "677540"]
[BlackFideId "24608033"]
[EventDate "2017.07.21"]

1. e4 e5 2. Nf3 Nc6 3. Bc4 Bc5 4. d3 d6 5. c3 Nf6 6. Bg5 h6 7. Bh4 a6 8. O-O Ba7
9. b4 Qe7 10. a4 Bg4 11. Nbd2 Nd8 12. h3 Be6 13. Kh1 g5 14. Bg3 Nh5 15. Nh2 Ng7
16. Ng4 h5 17. Ne3 Bxe3 18. fxe3 f6 19. b5 a5 20. Qe2 b6 21. d4 O-O 22. Rf2 Nb7
23. Raf1 Kh7 24. h4 g4 25. Bd3 Rae8 26. Rc1 Kh8 27. c4 Bg8 28. Bh2 Bh7 29. Re1
Nd8 30. c5 dxc5 31. dxc5 Qxc5 32. Nf1 Qe7 33. Ng3 Nb7 34. Bc4 Nc5 35. Bd5 Nxa4
36. Nxh5 Nxh5 37. Qxg4 Ng7 38. h5 Ne6 39. Ref1 Ng5 40. h6 Nc5 41. Qxg5 fxg5 42.
Rxf8+ Bg8 43. R1f7 Qxf7 44. Bxe5+ Kh7 0-1

[Event "28th Czech Open A 2017"]
[Site "Pardubice CZE"]
[Date "2017.07.21"]
[Round "1.75"]
[White "Manik, Mikulas"]
[Black "Radkov, Bazhen D."]
[Result "1-0"]
[WhiteTitle "GM"]
[WhiteElo "2407"]
[BlackElo "2179"]
[WhiteFideId "14900734"]
[BlackFideId "24170593"]
[EventDate "2017.07.21"]

1. e4 c6 2. Nf3 d5 3. Nc3 Bg4 4. h3 Bxf3 5. Qxf3 e6 6. d3 Bb4 7. Bd2 d4 8. Nb1
Qb6 9. Qg3 Ne7 10. Qxg7 Rg8 11. Qxh7 Bxd2+ 12. Nxd2 Qxb2 13. Rd1 Qxc2 14. Nc4
Na6 15. Be2 Qc3+ 16. Kf1 Qb4 17. Bh5 O-O-O 18. Bxf7 Rgf8 19. Bxe6+ Kb8 20. Qg7
b5 21. Ne5 Qd6 22. Nd7+ Rxd7 23. Qxf8+ Rd8 24. Qf7 Nc5 25. Bf5 Na4 26. h4 Nc3
27. Re1 Ng8 28. h5 Nh6 29. Qg6 Qf4 30. Qxc6 Nxf5 31. exf5 Qxf5 32. Rh3 Qf7 33.
h6 Rh8 34. h7 Nd5 35. Rf3 Qxh7 36. Re8+ 1-0

[Event "28th Czech Open A 2017"]
[Site "Pardubice CZE"]
[Date "2017.07.21"]
[Round "1.76"]
[White "Kulovana, Eva"]
[Black "Parkhov, Yair"]
[Result "0-1"]
[WhiteTitle "WGM"]
[BlackTitle "FM"]
[WhiteElo "2177"]
[BlackElo "2407"]
[WhiteFideId "318779"]
[BlackFideId "2813408"]
[EventDate "2017.07.21"]

1. e4 c5 2. Nf3 d6 3. Bb5+ Nd7 4. d4 cxd4 5. Qxd4 a6 6. Bxd7+ Bxd7 7. Bg5 h6 8.
Bh4 Rc8 9. O-O Qc7 10. Nc3 e5 11. Qd3 g5 12. Bg3 Nf6 13. Rfd1 Be7 14. Nd2 b5 15.
a3 Qa7 16. Kh1 h5 17. f3 h4 18. Be1 Nh5 19. Nf1 Nf4 20. Qd2 g4 21. Bf2 Qb7 22.
fxg4 h3 23. Ne3 hxg2+ 24. Nxg2 Rxc3 25. bxc3 Nxg2 26. Kxg2 Qxe4+ 27. Kf1 Bxg4
28. Qd5 Qe2+ 29. Kg1 Bf3 30. Rd2 Rg8+ 31. Bg3 Qe3+ 0-1

[Event "28th Czech Open A 2017"]
[Site "Pardubice CZE"]
[Date "2017.07.21"]
[Round "1.77"]
[White "Tomazini, Zan"]
[Black "Furman, Boris"]
[Result "1/2-1/2"]
[WhiteTitle "IM"]
[BlackTitle "FM"]
[WhiteElo "2405"]
[BlackElo "2177"]
[WhiteFideId "14608162"]
[BlackFideId "4107187"]
[EventDate "2017.07.21"]

1. e4 c5 2. c3 Nf6 3. e5 Nd5 4. d4 cxd4 5. cxd4 d6 6. Nf3 Nc6 7. Bc4 Nb6 8. Bb3
d5 9. Nh4 e6 10. Nf3 Be7 11. O-O O-O 12. Nc3 Bd7 13. Bc2 f6 14. exf6 Bxf6 15.
Qd3 g6 16. Bh6 Bg7 17. Bxg7 Kxg7 18. a3 Nc4 19. b3 Nd6 20. Qe3 Nf5 21. Bxf5 Rxf5
22. Ne2 Qf6 23. Rac1 Re8 24. Ng3 Rf4 25. Ne5 Re7 26. Rfd1 h5 27. f3 Be8 28. Ne2
Rf5 29. f4 g5 30. fxg5 Qxg5 31. Qxg5+ Rxg5 32. h4 Nxd4 33. hxg5 Nxe2+ 34. Kf2
Nxc1 35. Rxc1 Bg6 36. Ke3 Be4 37. g3 Kh7 38. Rc8 Rg7 39. Kf4 Rg8 40. Rc7+ Rg7
41. Nd7 e5+ 42. Kxe5 Rxg5+ 43. Ke6 Rxg3 44. Nf6+ Kh6 45. Rxb7 h4 46. Rb8 h3 47.
Rh8+ Kg5 48. Ke5 Rxb3 49. Rg8+ Kh6 50. Ng4+ Kh5 51. Nf6+ Kh6 52. Ng4+ 1/2-1/2

[Event "28th Czech Open A 2017"]
[Site "Pardubice CZE"]
[Date "2017.07.21"]
[Round "1.78"]
[White "Schatz, Christian"]
[Black "Matviishen, Viktor"]
[Result "0-1"]
[WhiteTitle "CM"]
[BlackTitle "FM"]
[WhiteElo "2177"]
[BlackElo "2404"]
[WhiteFideId "4641620"]
[BlackFideId "14129850"]
[EventDate "2017.07.21"]

1. Nf3 Nf6 2. d4 e6 3. e3 b6 4. Bd3 Bb7 5. Nbd2 d5 6. O-O Nbd7 7. Qe2 c5 8. c3
Be7 9. e4 dxe4 10. Nxe4 O-O 11. Rd1 Qc8 12. dxc5 Nxe4 13. Bxe4 Bxe4 14. Qxe4
Nxc5 15. Qc2 Qb7 16. Bf4 Rfd8 17. h3 h6 18. Nd4 Rd7 19. b4 Ne4 20. f3 Nf6 21. b5
Nd5 22. Qd2 Bf6 23. Bg3 Rc8 24. Rac1 Nxc3 25. Rxc3 Bxd4+ 26. Qxd4 Rxd4 27. Rxc8+
Qxc8 28. Rxd4 Qc5 29. Bf2 Qxb5 30. a4 Qb1+ 31. Kh2 Qb2 32. Kg1 Qc2 33. h4 h5 34.
g4 hxg4 35. Rxg4 e5 36. Kg2 f5 37. Rg5 e4 38. fxe4 Qxe4+ 39. Kf1 Qxa4 40. h5 Kh7
41. Rxf5 0-1

[Event "28th Czech Open A 2017"]
[Site "Pardubice CZE"]
[Date "2017.07.21"]
[Round "1.79"]
[White "Potapov, Alexander1"]
[Black "Krasnokutskaya, Sofiya"]
[Result "1/2-1/2"]
[WhiteTitle "GM"]
[WhiteElo "2402"]
[BlackElo "2177"]
[WhiteFideId "4115074"]
[BlackFideId "14150735"]
[EventDate "2017.07.21"]

1. d4 Nf6 2. c4 e6 3. Nc3 Bb4 4. g3 d5 5. Bg2 O-O 6. Nf3 dxc4 7. O-O c5 8. dxc5
Nc6 9. Qc2 Bxc5 10. Na4 Be7 11. Qxc4 e5 12. Bg5 Be6 13. Qb5 Qd5 14. Qxd5 Bxd5
15. Rfc1 h6 16. Be3 Rfe8 17. Nc3 Be6 18. Nb5 Rec8 19. Nd2 a6 20. Nc3 Rab8 21.
Na4 Nd5 22. Nb6 Rd8 23. Nxd5 Bxd5 24. Bh3 Nd4 25. Bxd4 exd4 26. Bf5 Bf6 27. Rc2
Re8 28. Kf1 g6 29. Bd3 Rbc8 30. Rac1 Rxc2 31. Rxc2 Re7 32. Rc8+ Kg7 33. Bc4 Bxc4
34. Nxc4 Rd7 35. Rb8 b5 36. Nd2 Rc7 37. Ne4 Rc1+ 38. Kg2 Rc2 39. Kf3 Rxb2 40.
Nxf6 Kxf6 41. Rb6+ Ke5 42. Rxa6 b4 43. g4 b3 44. Ra5+ Kf6 45. Ra6+ Ke5 46. Ra5+
Kf6 47. a4 Ra2 48. Rb5 b2 49. a5 Rxa5 50. Rxb2 Ra3+ 51. Ke4 Rh3 52. Kxd4 Rxh2
53. f3 h5 54. gxh5 Rxh5 1/2-1/2

[Event "28th Czech Open A 2017"]
[Site "Pardubice CZE"]
[Date "2017.07.21"]
[Round "1.80"]
[White "Leeb, Simon"]
[Black "Das, Sayantan"]
[Result "0-1"]
[BlackTitle "IM"]
[WhiteElo "2177"]
[BlackElo "2399"]
[WhiteFideId "12924768"]
[BlackFideId "5034426"]
[EventDate "2017.07.21"]

1. d4 e6 2. Nf3 Nf6 3. c4 d5 4. Nc3 Bb4 5. Bg5 h6 6. Bxf6 Qxf6 7. cxd5 exd5 8.
Qb3 Qd6 9. e3 c6 10. Bd3 O-O 11. O-O Nd7 12. Rac1 Qe7 13. Rfe1 Nf6 14. Ne5 Ng4
15. Nxg4 Bxg4 16. e4 Rae8 17. Re3 dxe4 18. Rxe4 Be6 19. Bc4 Bxc4 20. Qxc4 Qd6
21. Rce1 Rd8 22. g3 Rd7 23. R1e2 Ba5 24. Re5 b5 25. Qc5 Bb6 26. Qxd6 Rxd6 27. d5
b4 28. Na4 Bd4 29. Rf5 g6 30. Rf3 Rxd5 31. Re7 f5 32. Rc7 Rf6 33. Kg2 g5 34. Rd3
g4 35. Nc5 f4 36. gxf4 Rxf4 37. Ne6 Rxf2+ 38. Kg1 Bb6 39. Rxd5 cxd5 0-1

[Event "28th Czech Open A 2017"]
[Site "Pardubice CZE"]
[Date "2017.07.21"]
[Round "1.81"]
[White "Bukal, Vladimir Jr."]
[Black "Bauer, Thomas"]
[Result "1-0"]
[WhiteTitle "IM"]
[BlackTitle "CM"]
[WhiteElo "2398"]
[BlackElo "2176"]
[WhiteFideId "14502941"]
[BlackFideId "1639293"]
[EventDate "2017.07.21"]

1. d4 Nf6 2. Bg5 c5 3. Bxf6 exf6 4. c3 Qb6 5. Qd2 Nc6 6. e3 Be7 7. Ne2 O-O 8.
Nf4 Qa5 9. d5 Ne5 10. d6 Bd8 11. Na3 Rb8 12. Nc4 Qa4 13. b3 Qc6 14. a4 Re8 15.
Be2 g5 16. Nxe5 fxe5 17. Bb5 Qb6 18. Nh5 Re6 19. Rd1 Rh6 20. Ng3 Qa5 21. O-O a6
22. b4 Qb6 23. Bc4 Bf6 24. Qd5 Qd8 25. Qxf7+ Kh8 26. Nf5 b5 27. axb5 axb5 28.
Bd5 Rg6 29. Ne7 Rh6 30. bxc5 Bg7 31. c6 dxc6 32. Nxc6 Rb7 33. Nxd8 1-0

[Event "28th Czech Open A 2017"]
[Site "Pardubice CZE"]
[Date "2017.07.21"]
[Round "1.82"]
[White "Plesek, Jiri"]
[Black "Cuhendi, Sean Winshand"]
[Result "0-1"]
[BlackTitle "IM"]
[WhiteElo "2176"]
[BlackElo "2398"]
[WhiteFideId "305146"]
[BlackFideId "7101554"]
[EventDate "2017.07.21"]

1. Nf3 Nf6 2. c4 d6 3. g3 e5 4. d3 g6 5. b4 Bg7 6. Bb2 O-O 7. Bg2 Na6 8. a3 c6
9. O-O Nh5 10. Qc2 Qe7 11. Nc3 f5 12. Nd2 Bd7 13. e3 Nc7 14. Rae1 Nf6 15. f4
Rfe8 16. Qb1 Qf8 17. Ne2 Ng4 18. Rf3 e4 19. Bxg7 Qxg7 20. dxe4 fxe4 21. Nxe4 Bf5
22. N2c3 d5 23. cxd5 cxd5 24. Qb3 Bxe4 25. Nxe4 Rxe4 26. Rff1 Re7 27. Bxd5+ Nxd5
28. Qxd5+ Qf7 29. Qxf7+ Kxf7 30. e4 Rc8 31. h3 Nf6 32. e5 Nd5 0-1

[Event "28th Czech Open A 2017"]
[Site "Pardubice CZE"]
[Date "2017.07.21"]
[Round "1.83"]
[White "Murtazin, Bulat"]
[Black "Kukelko, Alexey"]
[Result "0-1"]
[WhiteTitle "FM"]
[WhiteElo "2397"]
[BlackElo "2173"]
[WhiteFideId "24151351"]
[BlackFideId "14153084"]
[EventDate "2017.07.21"]

1. d4 d5 2. c4 e6 3. Nf3 c6 4. Nc3 dxc4 5. a4 Bb4 6. e3 b5 7. Bd2 a5 8. axb5
Bxc3 9. Bxc3 cxb5 10. b3 Bb7 11. bxc4 b4 12. Bb2 Nf6 13. Bd3 O-O 14. O-O Nbd7
15. Nd2 Qc7 16. Bc2 e5 17. Re1 Rfe8 18. f3 exd4 19. exd4 Rxe1+ 20. Qxe1 Nb6 21.
c5 a4 22. Qg3 Qc6 23. Ne4 a3 24. cxb6 Nxe4 25. Bxe4 Qxb6 26. Bxb7 Qxb7 27. Bc1
Qb6 28. Qf2 h5 29. h3 Rd8 30. Bg5 f6 31. Bc1 Qxd4 32. Qxd4 Rxd4 33. Kf2 Rd1 34.
Ke2 Rd7 35. Be3 Rd5 36. Bd2 Rb5 37. Bc1 Rd5 38. Bd2 Rb5 39. Bc1 Rd5 40. Ra2 Rb5
41. Rd2 Ra5 42. Ra2 Rb5 43. Ra1 Rd5 44. g4 hxg4 45. hxg4 Kf7 46. f4 Rd7 47. Be3
Rd5 48. Rd1 a2 49. Bd2 Rb5 50. Ra1 b3 51. Bc3 b2 52. Bxb2 Rxb2+ 53. Ke3 Ke6 54.
Kd4 Rb4+ 55. Kd3 Ra4 56. Re1+ Kd5 57. Ra1 Ra3+ 58. Kc2 Ke4 59. g5 f5 0-1

[Event "28th Czech Open A 2017"]
[Site "Pardubice CZE"]
[Date "2017.07.21"]
[Round "1.84"]
[White "Shemyakin, Valeriy"]
[Black "Piscopo, Pierluigi"]
[Result "0-1"]
[BlackTitle "IM"]
[WhiteElo "2173"]
[BlackElo "2396"]
[WhiteFideId "14132818"]
[BlackFideId "809152"]
[EventDate "2017.07.21"]

1. d4 Nf6 2. Bg5 Ne4 3. h4 d5 4. Nd2 f6 5. Nxe4 dxe4 6. Bf4 Nc6 7. c3 e5 8. dxe5
Qxd1+ 9. Rxd1 fxe5 10. Bc1 Be6 11. b3 a5 12. e3 a4 13. Bc4 Bxc4 14. bxc4 a3 15.
Rd5 Ra4 16. c5 Rc4 17. Bxa3 Rxc3 18. Bb2 Rc2 19. Rd2 Rxd2 20. Kxd2 Bxc5 21. f3
O-O 22. Rh3 Na5 23. Kc2 Nc4 0-1

[Event "28th Czech Open A 2017"]
[Site "Pardubice CZE"]
[Date "2017.07.21"]
[Round "1.85"]
[White "Domogaev, Sergey"]
[Black "Makka, Ioulia"]
[Result "1/2-1/2"]
[WhiteTitle "GM"]
[BlackTitle "WIM"]
[WhiteElo "2395"]
[BlackElo "2172"]
[WhiteFideId "24103608"]
[BlackFideId "4205316"]
[EventDate "2017.07.21"]

1. d4 Nf6 2. c4 e6 3. Nf3 b6 4. Nc3 Bb4 5. Bg5 Bb7 6. Rc1 h6 7. Bh4 Qe7 8. Nd2
e5 9. dxe5 Qxe5 10. Bg3 Qc5 11. a3 Bxc3 12. Rxc3 d6 13. e4 O-O 14. Bd3 Re8 15.
O-O Nbd7 16. Nb3 Qh5 17. f3 Nc5 18. Nd4 Nxd3 19. Rxd3 a6 20. Qd2 Nd7 21. Rd1 Nc5
22. Rc3 Bxe4 23. b4 Na4 24. Re3 Bg6 25. Rde1 Rxe3 26. Rxe3 Qg5 27. Nc6 Kh7 28.
f4 Qf6 29. Ne7 Qa1+ 30. Re1 Qc3 31. Qd5 Rf8 32. f5 Bh5 33. Qe4 Nb2 34. Nd5 Qxc4
35. Nf4 Qxe4 36. Rxe4 Bg4 37. Re7 c5 38. f6 gxf6 39. Nd5 Kg7 40. Bh4 Kg6 41.
Nxf6 Be6 42. Ne8 cxb4 43. axb4 Nd3 44. Nc7 Rc8 45. h3 Bc4 46. Rd7 Kf5 47. Bg3
Ne5 48. Re7 Ng6 49. Rd7 Nf4 50. Kh2 a5 51. bxa5 bxa5 52. Nb5 Bxb5 53. Rxf7+ Kg6
54. Rxf4 d5 55. Rg4+ Kf7 56. Rf4+ Kg6 57. Rg4+ Kf7 58. Rf4+ Kg7 59. Rg4+ Kf7 60.
Rf4+ Kg7 61. Rg4+ Kf7 1/2-1/2

[Event "28th Czech Open A 2017"]
[Site "Pardubice CZE"]
[Date "2017.07.21"]
[Round "1.86"]
[White "Valantiejus, Vaidotas"]
[Black "Grekh, Andrey"]
[Result "0-1"]
[BlackTitle "IM"]
[WhiteElo "2171"]
[BlackElo "2395"]
[WhiteFideId "12807370"]
[BlackFideId "14112418"]
[EventDate "2017.07.21"]

1. e4 c5 2. Nf3 e6 3. d4 cxd4 4. Nxd4 Nc6 5. Nc3 Qc7 6. Be3 a6 7. Qd2 Nf6 8.
O-O-O Bb4 9. f3 b5 10. Qe1 Ne7 11. Ncxb5 Qa5 12. c3 axb5 13. Nxb5 O-O 14. a3
Bxa3 15. Nxa3 Ba6 16. Bxa6 Rxa6 17. c4 Qc7 18. Bd4 e5 19. Bc3 Rxa3 20. bxa3 Qxc4
21. Kb2 Nc6 22. Rb1 d5 23. Qc1 dxe4 24. Bb4 Qd4+ 25. Qc3 Qf2+ 26. Qc2 Nxb4 27.
axb4 Qb6 28. Qc5 Qb7 29. Rhd1 exf3 30. gxf3 Qxf3 31. Rf1 Qe2+ 32. Qc2 Qg4 33.
Kb3 Rc8 34. Qd3 e4 35. Qd4 Qe6+ 36. Kb2 Rc4 37. Rxf6 Qxf6 38. Qxf6 gxf6 39. Kb3
Rc8 40. Re1 f5 41. Rf1 e3 42. Rxf5 Re8 43. Rf1 e2 44. Re1 f5 45. Kc3 f4 46. Kd2
f3 47. Rg1+ Kf7 48. Ke1 Rd8 49. Kf2 Rd1 0-1

[Event "28th Czech Open A 2017"]
[Site "Pardubice CZE"]
[Date "2017.07.21"]
[Round "1.87"]
[White "Rydl, Jiri"]
[Black "Farmani Anosheh, Yasha"]
[Result "1-0"]
[WhiteTitle "FM"]
[WhiteElo "2395"]
[BlackElo "2170"]
[WhiteFideId "346390"]
[BlackFideId "24638200"]
[EventDate "2017.07.21"]

1. c4 c5 2. g3 Nc6 3. Bg2 g6 4. Nc3 Bg7 5. Nf3 e6 6. d4 cxd4 7. Nb5 d5 8. cxd5
Qa5+ 9. Qd2 Qxb5 10. dxc6 Ne7 11. Nxd4 Qb6 12. cxb7 Bxb7 13. Bxb7 Qxb7 14. Nf3
O-O 15. O-O Rfd8 16. Qa5 Nc6 17. Qa3 Qb5 18. Qe3 Rab8 19. Qe4 Nd4 20. Nxd4 Rxd4
21. Qc2 Rb4 22. Rb1 Bxb2 23. Bd2 Qxe2 24. Rfe1 Rc4 25. Rxb2 Rxb2 26. Qxb2 Qd3
27. Bf4 Qd7 28. Bh6 1-0

[Event "28th Czech Open A 2017"]
[Site "Pardubice CZE"]
[Date "2017.07.21"]
[Round "1.88"]
[White "Folk, Petr"]
[Black "Janzelj, Tim"]
[Result "0-1"]
[WhiteElo "2169"]
[BlackElo "2391"]
[WhiteFideId "302996"]
[BlackFideId "14607913"]
[EventDate "2017.07.21"]

1. e4 c5 2. Nf3 e6 3. Nc3 a6 4. d4 cxd4 5. Nxd4 Qc7 6. Bd3 Nf6 7. O-O Bc5 8. Nb3
Be7 9. f4 d6 10. Qe2 Nbd7 11. Bd2 b5 12. Rae1 b4 13. Nd1 h5 14. Nf2 e5 15. f5 a5
16. Bg5 Bb7 17. Kh1 h4 18. Nd2 Nh5 19. Bxe7 Kxe7 20. Nh3 Nhf6 21. Bc4 Nc5 22.
Ng5 Rh5 23. Ndf3 Ncxe4 24. Nxe4 Bxe4 25. Nd2 Bb7 0-1

[Event "28th Czech Open A 2017"]
[Site "Pardubice CZE"]
[Date "2017.07.21"]
[Round "1.89"]
[White "Saiyn, Zhanat"]
[Black "Kosmo, Santul"]
[Result "1/2-1/2"]
[WhiteTitle "IM"]
[WhiteElo "2390"]
[BlackElo "2168"]
[WhiteFideId "13703820"]
[BlackFideId "504173"]
[EventDate "2017.07.21"]

1. d4 Nf6 2. Nf3 c5 3. d5 e6 4. c4 d6 5. Nc3 exd5 6. cxd5 g6 7. Bf4 a6 8. a4 Bg7
9. e3 O-O 10. h3 Re8 11. Bd3 Nbd7 12. O-O Ne5 13. Nxe5 dxe5 14. Bg5 Qd6 15. e4
Nh5 16. Be3 Nf4 17. Re1 Nxd3 18. Qxd3 f5 19. f3 Bd7 20. Rec1 Rac8 21. Nb1 b5 22.
axb5 axb5 23. Qa3 Bf8 24. Nd2 f4 25. Bf2 g5 26. Nb3 c4 27. Qxd6 Bxd6 28. Na5 Bb4
29. Be1 Bc5+ 30. Bf2 Bb4 31. Be1 Bc5+ 32. Bf2 1/2-1/2

[Event "28th Czech Open A 2017"]
[Site "Pardubice CZE"]
[Date "2017.07.21"]
[Round "1.90"]
[White "Gergel, Vladimir P"]
[Black "Koop, Thorben"]
[Result "0-1"]
[WhiteTitle "FM"]
[BlackTitle "IM"]
[WhiteElo "2166"]
[BlackElo "2389"]
[WhiteFideId "14100550"]
[BlackFideId "24661619"]
[EventDate "2017.07.21"]

1. e4 c5 2. Nf3 Nc6 3. d4 cxd4 4. Nxd4 e5 5. Nb5 d6 6. c4 Be7 7. N1c3 a6 8. Na3
f5 9. Nc2 f4 10. g3 Nf6 11. gxf4 exf4 12. Bxf4 O-O 13. Be2 Nxe4 14. Qd5+ Kh8 15.
Qxe4 Bf5 16. Qe3 Bxc2 17. Qd2 Bg6 18. Bg3 Bf6 19. Nd5 Bd4 20. Rd1 Qd7 21. O-O
Rae8 22. Kh1 Be5 23. f4 Bd4 24. Bf3 Be4 25. Qg2 Bxf3 26. Rxf3 Re4 27. b3 Qf5 28.
Rfd3 Rfe8 29. Qf3 Bc5 30. R3d2 Ne5 31. Qg2 Ng4 32. b4 Be3 33. Rc2 b5 34. cxb5
axb5 35. a3 Rd4 36. Rxd4 Bxd4 37. Rc1 h6 38. Rd1 Re2 39. Rxd4 Rxg2 40. Kxg2 Qc2+
41. Kf3 Nxh2+ 42. Bxh2 Qxh2 43. Ne3 Qh3+ 44. Kf2 Qh4+ 45. Kg1 Qg3+ 46. Ng2 Qxa3
47. Kh2 Qb2 48. Rxd6 Qxb4 0-1